Statistics for Guess the taylor swift song no hints #2

Click here to take the quiz!

General Stats

  • This quiz has been taken 66 times
  • The average score is 218 of 293

Answer Stats

Answer% Correct
a
100%
I
100%
you
100%
and
98%
And
98%
me
98%
the
97%
to
97%
Your
97%
your
97%
In
95%
in
95%
it
93%
It
93%
my
93%
on
93%
were
93%
love
90%
who
90%
for
88%
it's
88%
It's
88%
that
86%
then
86%
was
86%
But
85%
but
85%
just
85%
so
85%
So
85%
they
85%
what
85%
as
83%
of
83%
all
81%
are
81%
been
81%
how
81%
How
81%
if
80%
there
80%
did
78%
from
78%
would
78%
one
76%
out
76%
up
76%
night
73%
didn't
69%
couldn't
68%
down
68%
thought
68%
Even
66%
gone
66%
yea
66%
get
64%
some
64%
than
64%
many
63%
Got
61%
more
61%
wrong
61%
wrong?
61%
days
59%
existed
59%
forgot
59%
isn't
59%
right
59%
going
58%
kill
58%
nice
58%
Would've
58%
would've
58%
hate
56%
thinkin
56%
yeah
56%
away
54%
came
54%
something
54%
soon
53%
bout
51%
feelings
51%
show
51%
around
49%
Drake
49%
indifference
49%
magical
49%
mind
49%
nobody
49%
quiet
49%
spend
49%
town
49%
whole
49%
blur
47%
happened
47%
hard
47%
peaceful
47%
til
47%
clear
46%
Free
46%
front
46%
lips
46%
showed
46%
sunshine
46%
ya
46%
forget
44%
ground
44%
lessons
44%
message
44%
stuck
44%
Taught
44%
fought
42%
hit
42%
livin
42%
popcorn
42%
row
42%
Sent
42%
started
42%
throwin
42%
tied
42%
rent
41%
rep
41%
shade
41%
tongue
41%
tripped
41%
Laughed
39%
Lived
39%
name
39%
schoolyard
39%

Score Distribution

Percentile by Number Answered

Percent of People with Each Score

Your Score History

You have not taken this quiz